[Event "POL-chT"]
[Site "Porabka"]
[Date "1986.??.??"]
[Round "?"]
[White "Chachaj, Tomasz"]
[Black "Witkowski, Stefan"]
[Result "1/2-1/2"]
[WhiteElo "2325"]
[BlackElo "2285"]

1.e4 c5 2.Nf3 Nc6 3.Nc3 Nf6 4.d4 cxd4 5.Nxd4 e6 6.Nxc6 bxc6 7.e5 Nd5 8.Ne4 Qc7
9.f4 Qb6 10.c4 Ne3 11.Qd3 Bb4+ 12.Bd2 a5 13.c5 Bxd2+ 14.Qxd2 Qb4 15.Qxb4 axb4
16.Kd2 Nd5 17.Nd6+ Ke7 18.Bc4 Nxf4 19.Rhf1 g5 20.g3 Ng6 21.Rxf7+ Kd8 22.Re1 Ra5
23.Rg7 Rf8 24.Nf7+ Kc7 25.Rxh7 Rxc5 26.Bd3 Rxf7 27.Rxf7 Nxe5 28.Rxe5 Rxe5
29.Rh7 c5 30.h4 gxh4 31.gxh4 Bb7 32.h5 Be4 33.Bxe4 Rxe4 34.h6 Rh4 35.Rh8 Rh2+
36.Kc1 c4 37.h7 Rh1+ 38.Kd2 Rh2+ 39.Kc1 Kb7 40.a4 bxa3 41.bxa3 c3 42.a4 Kc7
43.a5 Kb7 44.Kd1 Rd2+ 45.Kc1 Rh2 46.Kd1 e5 47.Kc1 e4 48.Re8 Rxh7 49.Rxe4 Ka6
50.Re3 Kxa5 51.Rxc3 Kb4 52.Rc7 Rh1+ 53.Kd2 d5 54.Rc8 Rh3 55.Rc7 Rg3 56.Rc8 Rf3
57.Rc7 Ra3 58.Rc8 Rf3 59.Rc7 Rg3 60.Rc8 Rh3 61.Rc7 Kb5 62.Rc8 Rh1 63.Rc7 Ra1
64.Rc8 Ra4 65.Rc7 Rc4 66.Rxc4 Kxc4 67.Kc2 Kd4 68.Kd2 Ke4 69.Ke2 d4 70.Kd2 Ke5
71.Kd3 Kd5 72.Kd2 Kc6 73.Kd3 Kc5 74.Kd2 Kd6 75.Kd3 Ke5 76.Kd2 Ke4 77.Ke2 d3+
78.Kd2 Kd4 79.Kd1 Kc3 80.Kc1 d2+ 81.Kd1 Kd3  1/2-1/2

[Event "FIN-ch"]
[Site "Pori"]
[Date "1986.??.??"]
[Round "?"]
[White "Kivisto, Mikko"]
[Black "Paavilainen, Jorma"]
[Result "1/2-1/2"]
[WhiteElo "2330"]
[BlackElo "2320"]

1.e4 c5 2.Nf3 Nc6 3.Nc3 d6 4.d4 cxd4 5.Nxd4 Nf6 6.Bc4 e6 7.f4 Be7 8.O-O O-O
9.Be3 d5 10.exd5 exd5 11.Be2 Re8  1/2-1/2

[Event "BUL-DDR (Women)"]
[Site "Sofia"]
[Date "1986.??.??"]
[Round "1"]
[White "Heintze, Marion"]
[Black "Chilingirova, Pavlina"]
[Result "1/2-1/2"]
[WhiteElo "2190"]
[BlackElo "1995"]

1.e4 c5 2.Nc3 Nc6 3.Nge2 Nf6 4.g3 e5 5.Bg2 d6 6.O-O Be7 7.d3 O-O 8.h3 Ne8
9.f4 exf4 10.Nxf4 Bg5 11.Kh2 Nc7 12.Ncd5 Nxd5 13.Nxd5 Bxc1 14.Rxc1 Be6 15.Nf4 Qg5
16.a4 Ne5 17.Qe2 Rae8 18.Rf2 Qh6 19.Qh5  1/2-1/2

[Event "BCF-ch"]
[Site "Southampton"]
[Date "1986.??.??"]
[Round "8"]
[White "Watson, William N"]
[Black "Findlay, Ian T"]
[Result "1/2-1/2"]
[WhiteElo "2495"]
[BlackElo "2375"]

1.e4 c5 2.Nc3 Nc6 3.Nf3 g6 4.d4 cxd4 5.Nxd4 Bg7 6.Be3 d6 7.Bc4 Nf6 8.h3 O-O
9.Bb3 Bd7 10.O-O a6 11.f4 Qc7 12.g4 Nxd4 13.Bxd4 e5 14.fxe5 dxe5 15.Be3 Bc6
16.Qf3 h6 17.Rad1 Kh7 18.h4 Qe7 19.Rf2 Nd7 20.Bxf7 Qxh4 21.Rd6 Bf6 22.Bxg6+ Kxg6
23.g5 hxg5 24.Rh2 Qe1+ 25.Kg2 Rh8 26.Qf5+ Kg7 27.Rxd7+ Bxd7 28.Qxd7+ Kg6
29.Qf5+ Kg7 30.Qd7+ Kg6 31.Qf5+  1/2-1/2

[Event "BCF-ch"]
[Site "Southampton"]
[Date "1986.??.??"]
[Round "9"]
[White "King, Daniel J"]
[Black "Chandler, Murray G"]
[Result "1/2-1/2"]
[WhiteElo "2460"]
[BlackElo "2565"]

1.e4 c5 2.Nc3 Nc6 3.Nge2 d6 4.d4 cxd4 5.Nxd4 Nf6 6.Be3 e5 7.Nf3 Be7 8.Bc4 Be6
9.Bb3 O-O 10.O-O h6 11.Qe2 Na5 12.Rfd1 Qc7 13.Nd5 Nxd5 14.Bxd5 Bxd5 15.Rxd5 Nc4
16.c3 Rac8 17.Rad1 a6 18.h3 b5 19.Nh2 Kh7 20.Nf1 Qc6 21.b3 Nxe3 22.Nxe3 Qxc3
23.Nf5 Qc7 24.Qg4 g6 25.Nxe7 Qxe7 26.Rxd6 Rfd8 27.Rxa6 h5 28.Qf3 Rxd1+ 29.Qxd1 Qb7
30.Rf6 Kg7 31.Qf3 Rd8 32.a4 bxa4 33.bxa4 Ra8 34.Rd6 Qe7 35.Qa3 Qe8 36.a5 Qb5
37.a6 Qb1+ 38.Kh2 Qxe4 39.a7 Qe2 40.Qc5 Qe4 41.Rd7 h4 42.Rd1 Kh7 43.Qc7 Kg7
44.Qc5 Kh7 45.Ra1 Kg7 46.Kg1 Kh7 47.Kh1 Kg7 48.Kg1 Kh7 49.Qa5 g5 50.Qc5 f6
51.Qb6 Kg6 52.Ra6 Qf4 53.Qc6 e4 54.Ra4 Kf5 55.Ra1 Qe5 56.Qd7+ Kg6 57.Qa4  1/2-1/2

[Event "Vienna op"]
[Site "Vienna"]
[Date "1986.??.??"]
[Round "?"]
[White "Felsberger, Alfred"]
[Black "Rigo, Janos"]
[Result "1/2-1/2"]
[WhiteElo "2315"]
[BlackElo "2380"]

1.e4 c5 2.Nc3 Nc6 3.Nf3 d6 4.d4 cxd4 5.Nxd4 Nf6 6.Bg5 Qb6 7.Nb3 Be6 8.Qd2 a5
9.Be3 Qd8 10.Bb5 g6 11.Nd5 Nxe4 12.Qd3 Nc5 13.Nxc5 dxc5 14.c4 Bg7 15.Bxc5 O-O
16.O-O Bxd5 17.Qxd5 Qc7 18.Bxc6 bxc6 19.Qe4 Bxb2 20.Qxe7 Qxe7 21.Bxe7 Rfe8
22.Rae1 Bc3 23.Rc1 Bd4 24.Bg5 Re2 25.Rcd1 c5 26.Rd2 Rae8 27.g3 f6 28.Bf4 g5
29.Rxe2 Rxe2 30.Be3 Rc2 31.Rc1 Rxa2 32.Bxd4 cxd4 33.Rd1 Rc2 34.Rxd4 a4 35.c5 a3
36.Ra4 a2 37.Kg2 Kf7 38.c6 Ke6 39.g4 Kd6 40.Ra6 Kc7 41.Kg3 Kd6 42.h3 h6 43.Kg2 Kc7
44.Kg3 Rc3+ 45.Kg2 Rc2 46.Kg3  1/2-1/2

[Event "Vienna op"]
[Site "Vienna"]
[Date "1986.??.??"]
[Round "?"]
[White "Roth, Peter"]
[Black "Poecksteiner, Johann"]
[Result "1-0"]
[WhiteElo "2345"]
[BlackElo "2235"]

1.e4 c5 2.Nf3 Nc6 3.Nc3 d6 4.Bc4 Nf6 5.d4 cxd4 6.Nxd4 Qb6 7.Nb3 e6 8.Be3 Qc7
9.O-O Be7 10.f4 a6 11.Qf3 O-O 12.Bd3 Re8 13.Qh3 Nb4 14.Rf3 e5 15.f5 d5 16.Rg3 Kh8
17.exd5 Nxd3 18.cxd3 Qd7 19.Rf1 Nxd5 20.Bh6 Rg8 21.Rff3 f6 22.Rxg7 Rxg7 23.Bxg7+ Kxg7
24.Rg3+ Kf8 25.Qh6+  1-0

[Event "Vienna op"]
[Site "Vienna"]
[Date "1986.??.??"]
[Round "?"]
[White "Klinger, Josef"]
[Black "Hoelzl, Franz"]
[Result "1-0"]
[WhiteElo "2445"]
[BlackElo "2370"]

1.e4 c5 2.Nf3 Nc6 3.Nc3 d6 4.d4 cxd4 5.Nxd4 e5 6.Nf3 Be7 7.Bc4 Be6 8.Bb3 h6
9.O-O Nf6 10.Qe2 O-O 11.Rd1 Qc8 12.h3 Na5 13.Nd5 Nxd5 14.Bxd5 Bxd5 15.Rxd5 Nc4
16.b3 Nb6 17.Rd3 f5 18.c4 Nd7 19.Ba3 fxe4 20.Qxe4 Nf6 21.Qg6 Ne8 22.Re1 Rf6
23.Qg3 Qc7 24.Nd2 Rf4 25.Qg6 Qb6 26.Qe6+ Kh7 27.c5 Qa6 28.Nc4 Bh4 29.g3 Rf6
30.Qg4 b5 31.Qe4+ Rg6 32.Qxa8 bxc4 33.bxc4 Qxc4 34.Qe4 Qa6 35.Red1  1-0

[Event "OHRA-B"]
[Site "Amsterdam"]
[Date "1987.??.??"]
[Round "6"]
[White "Dam, Ruurd"]
[Black "Carlier, Bruno"]
[Result "1/2-1/2"]
[WhiteElo "2560"]
[BlackElo "2380"]

1.e4 c5 2.Nf3 Nc6 3.Nc3 d6 4.d4 cxd4 5.Nxd4 Nf6 6.Bc4 Qb6 7.Nde2 e6 8.O-O Be7
9.Bb3 O-O 10.Qd3 Na5 11.Be3 Qc7 12.Nb5 Qc6 13.Rfd1 b6 14.Nxd6 Bxd6 15.Qxd6 Qxd6
16.Rxd6 Nxe4 17.Rd4 Bb7 18.Rad1 Nf6 19.Bg5 e5 20.Rb4 Rfd8 21.Re1 Nd5 22.Bxd8 Nxb4
23.Be7 Nbc6 24.Bh4 Nxb3 25.axb3 Nb4 26.c3 Nd3 27.Rd1 e4 28.Nc1 Nc5 29.Be7 Ne6
30.Bh4 g5 31.Bg3 f5 32.Be5 Rd8 33.Rxd8+ Nxd8 34.Ne2 Nc6 35.Bf6 h6 36.Nd4 Nxd4  1/2-1/2

[Event "Wch U20"]
[Site "Baguio"]
[Date "1987.??.??"]
[Round "?"]
[White "Rechlis, Gad"]
[Black "Bern, Ivar"]
[Result "1-0"]
[WhiteElo "2450"]
[BlackElo "2275"]

1.e4 c5 2.Nf3 Nc6 3.Nc3 g6 4.d4 cxd4 5.Nxd4 Bg7 6.Nb3 Nf6 7.Be2 O-O 8.Be3 d6
9.f4 Be6 10.g4 Na5 11.g5 Nd7 12.Qd2 Nc4 13.Bxc4 Bxc4 14.O-O-O b5 15.h4 Qc7
16.h5 Rfc8 17.Kb1 Nb6 18.hxg6 hxg6 19.Qh2 b4 20.Bd4 e5 21.fxe5 dxe5 22.Bc5 Qxc5
23.Nxc5 Rxc5 24.Ne2 a5 25.Rd6 Rb8 26.Ng3 a4 27.Nf5 gxf5 28.exf5 Bd5 29.f6 Rc6
30.Qh7+ Kf8 31.Qh8+ Bxh8 32.Rxh8+  1-0

[Event "Banja Luka"]
[Site "Banja Luka"]
[Date "1987.??.??"]
[Round "2"]
[White "Gavric, Miladin"]
[Black "Dzevlan, Miralem"]
[Result "1-0"]
[WhiteElo "2320"]
[BlackElo "2330"]

1.e4 c5 2.Nc3 Nc6 3.Nf3 e5 4.Bc4 h6 5.d3 d6 6.a4 a6 7.O-O g5 8.Nd5 Bg7 9.c3 Be6
10.Ne1 Nge7 11.Nxe7 Qxe7 12.Nc2 O-O 13.Ne3 Qd8 14.Qh5 Kh7 15.h4 gxh4 16.Nf5 Qf6
17.Nxh4 Ne7 18.f4 exf4 19.Bxe6 fxe6 20.Bxf4 e5 21.Be3 Qe6 22.c4 Kg8 23.g4 Rxf1+
24.Rxf1 b5 25.g5 hxg5 26.Bxg5 Rf8 27.Rxf8+ Bxf8 28.Bxe7 Bxe7 29.Qe8+ Kg7
30.Nf5+ Kf6 31.axb5 axb5 32.cxb5 c4 33.dxc4 Qxc4 34.Qxe7+  1-0

[Event "Banja Vrucica"]
[Site "Banja Vrucica"]
[Date "1987.??.??"]
[Round "6"]
[White "Milovanovic, Rade"]
[Black "Filipovic, Branko"]
[Result "1/2-1/2"]
[WhiteElo "2430"]
[BlackElo "2420"]

1.e4 c5 2.Nf3 Nc6 3.Nc3 e5 4.Bc4 h6 5.O-O d6 6.d3 Nge7 7.Ne1 g6 8.f4 Bg7
9.f5 gxf5 10.Qh5 Rf8 11.exf5 d5 12.f6 Bxf6 13.Rxf6 dxc4 14.Bxh6 Qd4+ 15.Kh1 Bg4
16.Qg5 Rg8 17.Qc1 Nf5 18.Ne4 O-O-O 19.Bg5  1/2-1/2

[Event "Banja Vrucica"]
[Site "Banja Vrucica"]
[Date "1987.??.??"]
[Round "8"]
[White "Palos, Osman"]
[Black "Filipovic, Branko"]
[Result "1/2-1/2"]
[WhiteElo "2440"]
[BlackElo "2420"]

1.e4 c5 2.Nf3 Nc6 3.Nc3 g6 4.Bb5 Bg7 5.Bxc6 dxc6 6.d3 e5 7.Bg5 Qc7 8.Qd2 Nf6
9.Bh6 O-O 10.Bxg7 Kxg7 11.Nh4 Qe7 12.g3 c4 13.O-O-O cxd3 14.cxd3 Nh5 15.d4 Rd8
16.Qe3 Bg4 17.f3 exd4 18.Rxd4 Qc5 19.Rhd1 Rxd4 20.Qxd4+ Qxd4 21.Rxd4 Be6
22.f4 Nf6 23.Nf3 h6 24.Rd2 Kf8 25.Nd4 Bh3 26.e5 Ne8 27.Ne4 Rc8 28.Nf2 Bd7
29.Nb3 Rc7 30.Nc5 Bc8 31.g4 b6 32.Nce4 Rd7 33.Nd6 Nxd6 34.exd6 Rd8 35.g5 hxg5
36.fxg5 Be6 37.b4 Bd5 38.b5 Rxd6 39.Ne4 Re6 40.Nf6 Ke7 41.h4 Re5 42.Rd4 Kd6
43.bxc6 Kxc6 44.Nxd5 Rxd5 45.Rf4 Rd7 46.Kc2 Kc5 47.Kc3 b5 48.Rf1 a5 49.Rf4 Re7
50.Rf2 a4 51.a3 Re3+ 52.Kb2 Rb3+ 53.Ka2 Rh3 54.Rf4 Rh2+ 55.Kb1 Kd5 56.Ka1 Ke6
57.Rf6+ Ke5 58.Rxf7 Rxh4 59.Rb7 Rh1+ 60.Ka2 Rh2+ 61.Ka1 Rd2 62.Rxb5+ Rd5
63.Rb6 Kf5 64.Ra6 Rd4 65.Ra5+ Kg4 66.Kb2 Rc4 67.Rb5 Kh5 68.Ra5 Kh4 69.Rb5 Rg4
70.Ra5 Rxg5 71.Rxa4+ Kh3 72.Ra8 Rd5 73.Kb3 g5 74.Rh8+ Kg3 75.a4 g4 76.Kb4 Rg5
77.a5 Kf2 78.a6 Rg7 79.Rf8+ Ke2 80.Re8+  1/2-1/2

[Event "Bayern-ch"]
[Site "Bayern"]
[Date "1987.??.??"]
[Round "?"]
[White "Schmidt, Gerhardt"]
[Black "Rosenberger, Berthold"]
[Result "1/2-1/2"]
[WhiteElo "2260"]
[BlackElo "2315"]

1.e4 c5 2.Nc3 Nc6 3.Bb5 a6 4.Bxc6 bxc6 5.f4 d6 6.Nf3 Nf6 7.O-O d5 8.e5 Ne4
9.Qe1 Nxc3 10.dxc3 Bf5 11.Nh4 Be4 12.f5 e6 13.Qg3 exf5 14.Nxf5 Bxf5 15.Rxf5 g6
16.Bg5 Be7 17.Bxe7 Qxe7 18.Rf6 O-O 19.Rxc6 Qb7 20.Rf6 Qxb2 21.Raf1 d4 22.e6 fxe6
23.Qf3 Qb8 24.Qe4 Qd6 25.Rxe6 Rxf1+ 26.Kxf1 Rf8+ 27.Kg1 Qb8 28.Qd5 Rf7 29.h3 Qf4
30.Re8+ Kg7 31.Qe5+ Qxe5 32.Rxe5 Rc7 33.Re6 Rb7 34.Rxa6 Rb1+ 35.Kh2 Rb2 36.cxd4 cxd4
37.Rd6  1/2-1/2

[Event "Bern"]
[Site "Bern"]
[Date "1987.??.??"]
[Round "?"]
[White "Flueckiger, Christian"]
[Black "Unzicker, Wolfgang"]
[Result "0-1"]
[WhiteElo "2265"]
[BlackElo "2470"]

1.e4 c5 2.Nc3 Nc6 3.Nge2 d6 4.g3 g6 5.Bg2 Bg7 6.d3 e5 7.O-O Nge7 8.a3 O-O
9.Rb1 Nd4 10.b4 b6 11.h3 Be6 12.Nd5 Nxd5 13.exd5 Bd7 14.c4 Ba4 15.Qd2 Nb3
16.Qa2 Nxc1 17.Rfxc1 Bd7 18.Rb3 Qc7 19.Nc3 Rae8 20.bxc5 Qxc5 21.Nb5 Bxb5
22.Rxb5 Qd4 23.Qc2 f5 24.Re1 Rc8 25.Rbb1 e4 26.Rbd1 exd3 27.Rxd3 Rxc4 28.Qe2 Qc5
29.Qe7 Bd4 30.Rxd4 Qxd4 31.Qxd6 Rc2 32.Qe6+ Kg7 33.Qe5+ Qxe5 34.Rxe5 Rd2
35.Re7+ Rf7 36.Re5 Rc7 37.Bf1  0-1

[Event "Bern"]
[Site "Bern"]
[Date "1987.??.??"]
[Round "?"]
[White "Franzoni, Giancarlo"]
[Black "Szabo, Laszlo"]
[Result "1-0"]
[WhiteElo "2390"]
[BlackElo "2450"]

1.e4 c5 2.Nc3 Nc6 3.Nge2 e5 4.Nd5 Nge7 5.Nec3 Nxd5 6.Nxd5 g6 7.h4 h6 8.Bc4 Bg7
9.h5 g5 10.d3 d6 11.Ne3 Be6 12.c3 Qd7 13.Qf3 Ne7 14.a4 O-O-O 15.a5 a6 16.Bxe6 Qxe6
17.c4 Nc6 18.g4 Nd4 19.Qd1 Bf6 20.Bd2 Rd7 21.Bc3 Bd8 22.Nd5 Rf8 23.Bxd4 exd4
24.Qf3 f5 25.gxf5 Qe5 26.Qg4 Rdf7 27.Kd2 Kb8 28.Qg3 g4 29.Rhg1 Rg7 30.Rg2 Rg5
31.Kc2 Rxh5 32.Nf4 Rhxf5 33.exf5 Rxf5 34.Nd5 Qe2+ 35.Kb3 Bc7 36.f4  1-0

[Event "Bilbao"]
[Site "Bilbao"]
[Date "1987.??.??"]
[Round "?"]
[White "Illescas Cordoba, Miguel"]
[Black "Ljubojevic, Ljubomir"]
[Result "0-1"]
[WhiteElo "2505"]
[BlackElo "2620"]

1.e4 c5 2.Nc3 Nc6 3.Nf3 g6 4.d4 cxd4 5.Nxd4 Bg7 6.Be3 Nf6 7.Be2 O-O 8.O-O d6
9.Qd2 Bd7 10.f4 a6 11.Nb3 b5 12.a3 Rc8 13.Bf3 Bg4 14.Qe2 Bxf3 15.Qxf3 Nd7
16.e5 dxe5 17.Rad1 exf4 18.Bxf4 Nce5 19.Qg3 Nc4 20.Nd5 Nxb2 21.Rd2 Nc4 22.Rdd1 Be5
23.Qh4 f6 24.Bxe5 Ncxe5 25.Nd4 Nc5 26.Nf3 Ned7 27.Rfe1 e6 28.Nf4 e5 29.Nd5 Kg7
30.Qg3 Rc6 31.Nh4 Re6 32.Kh1 f5 33.Nf3 Ne4 34.Rxe4 fxe4 35.Ng5 Rd6 36.h4 Qa8
37.Qb3 Nc5 38.Qa2 h6  0-1

[Event "Buenos Aires BCA"]
[Site "Buenos Aires"]
[Date "1987.??.??"]
[Round "4"]
[White "Gomez Baillo, Jorge H"]
[Black "Juarez, Alberto"]
[Result "1-0"]
[WhiteElo "2415"]
[BlackElo "2280"]

1.e4 c5 2.Nf3 Nc6 3.Nc3 Nf6 4.Bb5 a6 5.Bxc6 dxc6 6.d3 g6 7.Be3 b6 8.h3 Bg7
9.Qd2 O-O 10.Bh6 Re8 11.Bxg7 Kxg7 12.Ne5 Nd7 13.Ng4 e5 14.Qh6+ Kg8 15.f4 f5
16.Nxe5 Nxe5 17.fxe5 Rxe5 18.O-O-O Ra7 19.exf5 Rxf5 20.g4 Rf8 21.Ne4 Qd5
22.Rhf1 Qd8 23.Rde1 Raf7 24.Ng5 Re7 25.Rxf8+ Qxf8 26.Qxf8+ Kxf8 27.Rxe7 Kxe7
28.Nxh7 Be6 29.c4 Bg8 30.Ng5 Kf6 31.Nf3 Be6 32.Kd2 Bc8 33.Ke3 Be6 34.Kf4 a5
35.Ng5 Bd7 36.Nf3 Ke6 37.Kg5 Be8 38.b3 b5 39.a4 bxa4 40.bxa4 Bf7 41.Kf4 Kd6
42.Ng5 Be8 43.Ne4+ Kc7 44.Ke5  1-0

[Event "Buenos Aires BCA"]
[Site "Buenos Aires"]
[Date "1987.??.??"]
[Round "7"]
[White "Gomez Baillo, Jorge H"]
[Black "Campos, Luis Maria"]
[Result "1-0"]
[WhiteElo "2415"]
[BlackElo "2270"]

1.e4 c5 2.Nf3 Nc6 3.Nc3 Nf6 4.d4 cxd4 5.Nxd4 Qb6 6.Nb3 e6 7.Bd3 a6 8.O-O h5
9.a4 Qc7 10.f4 g5 11.Qe2 gxf4 12.Bxf4 d6 13.Rf3 Ng4 14.Raf1 Be7 15.Rh3 Nce5
16.Bxe5 dxe5 17.Kh1 Nf6 18.Rhf3 Rh6 19.Nd2 Bd7 20.Qf2 Bc6 21.Nc4 Rg6 22.a5 Rd8
23.b3 Rd7 24.Rg3 Rxg3 25.Qxg3 Nxe4 26.Qg8+ Bf8 27.Nxe5 Nxc3 28.Rxf7 Bxg2+
29.Kxg2 Rxf7 30.Nxf7 Qxf7 31.Bg6  1-0

[Event "Coimbatore"]
[Site "Coimbatore"]
[Date "1987.??.??"]
[Round "?"]
[White "Barua, Dibyendu"]
[Black "Hegde, Ravi Gopal"]
[Result "1-0"]
[WhiteElo "2455"]
[BlackElo "2345"]

1.e4 c5 2.Nf3 Nc6 3.Nc3 Nf6 4.Bb5 Nd4 5.e5 Nxb5 6.Nxb5 Nd5 7.Ng5 f5 8.O-O e6
9.d4 a6 10.c4 axb5 11.cxd5 cxd4 12.Qxd4 Be7 13.Nf3 exd5 14.Qxd5 b4 15.Qb3 Qb6
16.Bg5 Qe6 17.Qd3 Bxg5 18.Nxg5 Qg6 19.Nf3 O-O 20.Qc4+ Qf7 21.Qxb4 Ra6 22.Rfe1 f4
23.Rac1 Rg6 24.Rc7 Qxa2 25.b3 Qa6 26.Rec1 b5 27.Qe4 d5 28.exd6 Bh3 29.Nh4 Bxg2
30.Nxg2 f3 31.Qd5+ Kh8 32.Qxf3  1-0

[Event "Copenhagen op"]
[Site "Copenhagen"]
[Date "1987.??.??"]
[Round "2"]
[White "Horvath, Tamas"]
[Black "Bjerring, Kai"]
[Result "1/2-1/2"]
[WhiteElo "2395"]
[BlackElo "2280"]

1.e4 c5 2.Nf3 Nc6 3.Nc3 g6 4.d4 cxd4 5.Nxd4 Bg7 6.Be3 Nf6 7.Bc4 O-O 8.h3 d6
9.O-O Bd7 10.Bb3 Rc8 11.f4 Nxd4 12.Bxd4 Bc6 13.Qd3 Qa5 14.Rae1 Nd7 15.Bxg7 Kxg7
16.Kh1 Kg8 17.Qg3 Nc5 18.Qh4 Nxb3 19.axb3 f6 20.Qg4 Qd8 21.Rf2 f5 22.Qd1 fxe4
23.Nxe4 Bxe4 24.Rxe4 Rf7 25.Qd5 Qd7 26.Re6 Qc6 27.Qd3 Qc5 28.Qe2 Rc7 29.c3 a5
30.Rf3 Qd5 31.c4 Qc5 32.Rd3 Rxf4 33.Rd5 Qf2 34.Rxe7 Qxe2 35.Rxe2 a4 36.bxa4 Rfxc4
37.b3 Rb4 38.Re3 Rc6 39.Rdd3 b5 40.a5 Ra6 41.Re7 Rf4 42.Rb7 b4 43.Rd5 Rf1+
44.Kh2 Ra1 45.Rdb5 R6xa5 46.Rb8+ Kf7 47.R5b7+ Kf6 48.Rxh7 R1a2 49.h4 Rh5
50.Rxh5 gxh5 51.Rxb4 d5 52.Rb6+ Kf5 53.Rh6 d4 54.Rxh5+ Ke4 55.Rh8 d3 56.Re8+ Kd4
57.Rd8+ Ke4 58.Kg3 Rb2 59.h5 Rxb3 60.Kg4 Ke3 61.h6 d2 62.h7 Rd3 63.Rxd3+ Kxd3
64.h8=Q d1=Q+ 65.Kg3 Qe1+ 66.Kh2 Qe4 67.Qf6 Qh7+ 68.Kg3 Qg8+ 69.Kh3 Qh7+
70.Kg4 Ke2 71.Kg5 Qg8+ 72.Qg6 Qd5+ 73.Kh4 Kf2 74.Qc2+ Kg1 75.g4 Qd8+ 76.g5 Qd4+
77.Kg3 Qe3+ 78.Kg4 Qd4+ 79.Kf5 Qd5+ 80.Kf6 Qd6+  1/2-1/2

[Event "Copenhagen op"]
[Site "Copenhagen"]
[Date "1987.??.??"]
[Round "10"]
[White "Bjerring, Kai"]
[Black "Iskov, Gert"]
[Result "1/2-1/2"]
[WhiteElo "2280"]
[BlackElo "2330"]

1.e4 c5 2.Nf3 Nc6 3.Nc3 g6 4.d4 cxd4 5.Nxd4 Bg7 6.Be3 Nf6 7.Bc4 O-O 8.h3 Nxe4
9.Nxe4 d5 10.Nxc6 bxc6 11.Bd3 dxe4 12.Bxe4 Bxb2 13.O-O Ba6 14.Re1 Qxd1 15.Raxd1 Bc3
16.Bd2 Bxd2 17.Rxd2 Rfc8 18.Rd7 Bc4 19.a3 Kf8 20.Bf3 Be6 21.Rb7 a5 22.Re5 a4
23.Rc5 Bd5 24.Bxd5 cxd5 25.Rxd5 Rxc2 26.Re5 Rd8 27.Rexe7 Rd1+ 28.Kh2 Rxf2
29.Re3 Rdd2 30.Rg3 Rf4 31.Ra7 h5 32.Ra5 Kg7 33.Rxh5 Rb2 34.Ra5 Kh6 35.Rg4 Rff2
36.Ra6 Ra2 37.Kg1 Rfb2 38.Raxa4 Rb3 39.Raf4 f5 40.Rb4 Rd3 41.Rh4+ Kg5 42.Rh7 Rg3
43.h4+ Kf6 44.Rb6+ Ke5 45.Re7+ Kd5 46.Ree6 Raxg2+ 47.Kf1 Rg1+ 48.Kf2 R1g2+
49.Kf1 Rg1+ 50.Kf2  1/2-1/2

[Event "Dortmund op"]
[Site "Dortmund"]
[Date "1987.??.??"]
[Round "3"]
[White "Szalanczy, Emil"]
[Black "Fodre, Sandor"]
[Result "0-1"]
[WhiteElo "2385"]
[BlackElo "2220"]

1.e4 c5 2.Nf3 Nc6 3.Nc3 a6 4.d4 cxd4 5.Nxd4 e5 6.Nf5 d6 7.Bc4 Nf6 8.Bg5 Bxf5
9.exf5 Be7 10.Bxf6 Bxf6 11.Ne4 Nd4 12.c3 d5 13.Nxf6+ gxf6 14.Bd3 Nc6 15.O-O Qd7
16.Qa4 O-O 17.Rad1 Rad8 18.Qh4 Qe7 19.Bc2 Kh8 20.Rd3 Rg8 21.Rfd1 d4 22.Qe4 dxc3
23.bxc3 Rxd3 24.Rxd3 Qa3 25.g3 Rd8 26.Bb3 Rxd3 27.Qxd3 Qe7 28.Bd5 Qd7 29.Qf3 Kg7
30.h4 Kf8 31.Kg2 a5 32.Be4 Kg7 33.Qg4+ Kf8 34.Qh5 Kg7 35.Qf3 h6 36.Qg4+ Kf8
37.Qe2 Qc7 38.Qe3 Kg7 39.Qc5 Kg8 40.g4 Kg7 41.Kh2 Qd7 42.Qe3 Qd1 43.Bf3 Qc2
44.a3 Qa4 45.Be4 Qxa3 46.g5 hxg5 47.hxg5 Qe7 48.g6 Qd8 49.Kg2 Ne7 50.gxf7 b6
51.Bf3 Nd5 52.f8=Q+ Kxf8 53.Qh6+ Ke7 54.Qg7+ Kd6 55.Qb7 Nf4+ 56.Kf1 Qc7 57.Qa6 Kc5
58.Ke1 Qd7 59.Be4 Qc7 60.Kd2 Qd7+ 61.Kc1 Qc7 62.Kc2 Qd7 63.Qa8 Nd5 64.Qf8+ Qd6
65.Qc8+ Nc7 66.f3 a4 67.Qg8 Kb5 68.Qb8 a3 69.Qa7 Qc5 70.Bd3+ Kc6 71.Kb3 Qd5+
72.Bc4 Qd1+ 73.Kb4 Qb1+ 74.Bb3 Nd5+ 75.Kxa3 Qc1+  0-1

[Event "HUN-ch op"]
[Site "Eger"]
[Date "1987.??.??"]
[Round "?"]
[White "Horvath, Sandor"]
[Black "Gauglitz, Gernot"]
[Result "1/2-1/2"]
[WhiteElo "2275"]
[BlackElo "2480"]

1.e4 c5 2.Nf3 Nc6 3.Nc3 Nf6 4.Bb5 Nd4 5.e5 Nxb5 6.Nxb5 Nd5 7.Ng5 f6 8.exf6 Nxf6
9.Qe2 e6 10.Ne4 Nxe4 11.Qxe4 a6 12.Nc3 d5 13.Qe5 Qf6 14.Qc7 Be7 15.d3 O-O
16.O-O b5 17.Be3 c4 18.dxc4 bxc4 19.Rad1 Qf7 20.Bd4 Bf6 21.Qg3 Bb7 22.Rfe1 Kh8
23.Be5 Rad8 24.Rd4 Bc6 25.Nd1 Be8 26.Qg4 Qd7 27.Rf4 Bg6 28.Bxf6 Rxf6 29.Rxf6 gxf6
30.Qxe6 Qxe6 31.Rxe6 Bxc2 32.Ne3 Bd3 33.Rc6 Rb8 34.Nxd5 Rxb2 35.h4 Rxa2 36.Rxf6 Kg7
37.Rd6 a5 38.h5 a4 39.Rd7+ Kh6 40.Rd6+ Kg5 41.Nb4 Ra1+ 42.Kh2 Ra3 43.Rd5+ Kf4
44.Rd4+ Kf5 45.f3 Rb3 46.Nxd3 cxd3 47.Rxa4 Ke5 48.Ra7 Rb6 49.Kg3 d2 50.Ra1 Kd4
51.Kf2 Kd3 52.g4 Rc6 53.Ra8 d1=Q 54.Rd8+ Kc2 55.Rxd1 Kxd1 56.f4 Kd2 57.Kf3 Kd3
58.f5 h6 59.g5 Kd4 60.Kf4 hxg5+ 61.Kxg5 Ke5 62.h6  1/2-1/2

[Event "BUL-ch"]
[Site "Elenite"]
[Date "1987.??.??"]
[Round "1"]
[White "Spasov, Vasil"]
[Black "Grigorov, Jordan N"]
[Result "1-0"]
[WhiteElo "2370"]
[BlackElo "2385"]

1.e4 c5 2.Nf3 Nc6 3.Nc3 e5 4.Bc4 h6 5.d3 d6 6.Be3 g5 7.Nd2 Nf6 8.h4 g4 9.h5 Be7
10.Nf1 Nd4 11.Ng3 Be6 12.a4 a6 13.a5 Qd7 14.Na4 Rd8 15.c3 Nb5 16.Nb6 Qc6
17.Nd5 Bxd5 18.exd5 Nxd5 19.Bxd5 Qxd5 20.c4 Qxg2 21.cxb5 f5 22.bxa6 f4 23.Qa4+ Rd7
24.a7 fxe3 25.O-O-O O-O 26.Qxd7  1-0

[Event "Arnold Cup"]
[Site "Gausdal"]
[Date "1987.??.??"]
[Round "?"]
[White "Hebden, Mark"]
[Black "Akesson, Ralf"]
[Result "1-0"]
[WhiteElo "2460"]
[BlackElo "2455"]

1.e4 c5 2.Nc3 Nc6 3.Nf3 d6 4.d4 cxd4 5.Nxd4 e6 6.Be2 Nf6 7.O-O Be7 8.Be3 O-O
9.Qe1 Nxd4 10.Bxd4 e5 11.Be3 Be6 12.Rd1 a6 13.f4 exf4 14.Bxf4 Qb6+ 15.Kh1 Nd7
16.b3 Rac8 17.Nd5 Bxd5 18.exd5 Ne5 19.c4 Ng6 20.Bg4 Rce8 21.Be3 Qc7 22.Qf2 Ne5
23.Bh3 Kh8 24.Bb6 Qb8 25.Bd4 Qc7 26.Qd2 Bd8 27.Rc1 b6 28.b4 h6 29.Rc3 Bg5
30.Qc2 Qb7 31.Qb3 Ng6 32.Bf5 Ne7 33.Be4 f5 34.Bf3 Bf6 35.Bxf6 Rxf6 36.Re3 Rc8
37.c5 bxc5 38.bxc5 Qxb3 39.axb3 Ng6 40.c6 Ne5 41.Be2 a5 42.Ba6 Rc7 43.Ra1 f4
44.Rc3 Rf5 45.h3 f3 46.gxf3 Ng6 47.Rxa5 Nf4 48.Bd3 Rf8 49.b4 Rb8 50.Be4 g5
51.b5 Rb6 52.Rb3  1-0

[Event "POL-ch sf"]
[Site "Gdynia"]
[Date "1987.??.??"]
[Round "2"]
[White "Sobura, Henryk"]
[Black "Pyda, Zbigniew"]
[Result "0-1"]
[WhiteElo "2390"]
[BlackElo "2220"]

1.e4 c5 2.Nc3 Nc6 3.Nge2 Nf6 4.g3 d5 5.exd5 Nxd5 6.Bg2 Nxc3 7.bxc3 g6 8.a4 Bg7
9.Ba3 c4 10.Nf4 O-O 11.Qe2 Bf5 12.Be4 Qd7 13.Qxc4 Rfd8 14.Rd1 Ne5 15.Bxf5 Qxf5
16.Qe2 g5 17.d4 gxf4 18.dxe5 Rxd1+ 19.Kxd1 Rd8+ 20.Kc1 f3 21.Qe3 Qe6 22.Kb1 Qd7
23.Qe4 Qd2 24.Qxf3 Bxe5 25.Bxe7 Rd7 26.Bb4 b6 27.Qe3 Qd5 28.f4 Qxh1+ 29.Kb2 Qd5
30.fxe5 Qe6 31.Qf4 Qg6 32.Bd6 h6 33.Qf3 Kh7 34.Qa8 Qe6 35.Qe4+ f5 36.Qd3 Kg7
37.Qf3 Kg6 38.Qd3 h5 39.c4 Rh7 40.Qd5  0-1

[Event "DSV-Turnier"]
[Site "Halle"]
[Date "1987.??.??"]
[Round "?"]
[White "Tischbierek, Raj"]
[Black "Gauglitz, Gernot"]
[Result "1-0"]
[WhiteElo "2480"]
[BlackElo "2465"]

1.e4 c5 2.Nf3 Nc6 3.Nc3 Nf6 4.Bb5 e5 5.Bxc6 dxc6 6.Nxe5 Nxe4 7.Nxe4 Qd5 8.Qe2 Qxe5
9.d4 cxd4 10.f4 Qe6 11.f5 d3 12.cxd3 Bb4+ 13.Bd2 Bxd2+ 14.Qxd2 Qe5 15.O-O O-O
16.f6 Rd8 17.Rae1 Bf5 18.Qg5 Qd4+ 19.Rf2 Bg6 20.fxg7 Qxg7 21.Nf6+ Kh8 22.d4 b6
23.Qe5 Qf8 24.h4 Qd6 25.Qxd6 Rxd6 26.h5 Bd3 27.Re7 Bc4 28.b3 Be6 29.Rf4 Kg7
30.Ne8+ Kf8 31.Rexf7+  1-0

[Event "DSV-Turnier"]
[Site "Halle"]
[Date "1987.??.??"]
[Round "?"]
[White "Ghinda, Mihail Viorel"]
[Black "Gauglitz, Gernot"]
[Result "1-0"]
[WhiteElo "2460"]
[BlackElo "2465"]

1.e4 c5 2.Nf3 Nc6 3.Nc3 Nf6 4.Bb5 g6 5.e5 Ng4 6.Bxc6 dxc6 7.h3 Nh6 8.Ne4 b6
9.d4 cxd4 10.Bg5 Qd5 11.Qxd4 Qxd4 12.Nxd4 Nf5 13.O-O-O Bg7 14.Nf3 Bh6 15.h4 Bg7
16.h5 gxh5 17.Rxh5 Bf8 18.Nf6+ exf6 19.Bxf6  1-0

[Event "Halle-B"]
[Site "Halle"]
[Date "1987.??.??"]
[Round "8"]
[White "Hennings, Artur"]
[Black "Kovalev, Andrei"]
[Result "0-1"]
[WhiteElo "2360"]
[BlackElo "2400"]

1.e4 c5 2.Nc3 Nc6 3.Nf3 d6 4.d4 cxd4 5.Nxd4 Nf6 6.Bg5 e6 7.Qd3 a6 8.Rd1 Be7
9.Be2 O-O 10.O-O Bd7 11.Kh1 b5 12.a3 h6 13.Bc1 Qb6 14.f4 Nxd4 15.Qxd4 Qxd4
16.Rxd4 Bc6 17.Bf3 Rac8 18.Re1 Rfd8 19.Rd3 e5 20.Be3 Re8 21.Bd2 Bf8 22.h3 exf4
23.Bxf4 a5 24.Rd4 d5 25.e5 b4 26.axb4 axb4 27.Ne2 Ne4 28.c4 Bc5 29.cxd5 Nf2+
30.Kh2 Bb5 31.d6 Bxd4 32.Nxd4 Bd7 33.Be2 Rc5 34.Nf3 Ne4 35.Ra1 Nxd6 36.Rd1 Bb5
37.Rxd6 Bxe2 38.Nd4 Bd1 39.Rb6 b3 40.Nxb3 Bxb3 41.Rxb3 g5 42.Bg3 Rc2 43.Rb5 Re2
44.h4 gxh4 45.Bf4 Re4 46.g3 Re6 47.Kh3 hxg3 48.Kxg3 Kh7 49.Kf3 Re1 50.Rc5 Kg6  0-1